Carte du Globe en projection gnomonique avec points de repère pour la superposition du réseau pentagonal (Record no. 31157)

MARC details
000 -LEADER
campo de control de longitud fija 00748nam a2200169 i 4500
001 - NÚMERO DE CONTROL
campo de control 31157
003 - IDENTIFICADOR DE NÚMERO DE CONTROL
campo de control ES-MaACL
005 - FECHA Y HORA DE LA ÚLTIMA TRANSACCIÓN
campo de control 20230906154327.0
007 - CAMPO FIJO DE DESCRIPCIÓN FÍSICA--INFORMACIÓN GENERAL
campo de control de longitud fija t|
008 - DATOS DE LONGITUD FIJA--INFORMACIÓN GENERAL
campo de control de longitud fija 030128s1875 fr b |||| | fre d
100 1# - ENTRADA PRINCIPAL--NOMBRE DE PERSONA
Nombre de persona Beguyer de Chancourtois, Alexandre-Emile.
9 (RLIN) 27043
245 10 - MENCIÓN DEL TÍTULO
Título Carte du Globe en projection gnomonique avec points de repère pour la superposition du réseau pentagonal
Resto del título : notice explicative avec une feuille gravée a titre de spécimen publiée en 1875 /
Mención de responsabilidad, etc. par B. de Chancourtois.
260 ## - PUBLICACIÓN, DISTRIBUCIÓN, ETC.
Lugar de publicación, distribución, etc. Paris :
Nombre del editor, distribuidor, etc. [s.n.],
Fecha de publicación, distribución, etc. 1875 (
Fabricante Imp. Arnous de Riviére)
300 ## - DESCRIPCIÓN FÍSICA
Extensión 8 p., [1] h. pleg. de mapa ;
Dimensiones 22 cm.
650 #4 - PUNTO DE ACCESO ADICIONAL DE MATERIA--TÉRMINO DE MATERIA
Término de materia o nombre geográfico como elemento de entrada Proyección cartográfica.
9 (RLIN) 154258
852 ## - LOCALIZACIÓN
Ubicación ES-MaACL
Número de control de estantería T-907-F-5
Nota libre . - Legado Federico de Botella y de Hornos
Holdings
Estatus retirado Estado de pérdida Estado de daño No para préstamo Colección Biblioteca de origen Biblioteca actual Ubicación en estantería Fecha de adquisición Fuente de adquisición Total de préstamos Signatura topográfica completa Código de barras Visto por última vez Precio de reemplazo Tipo de ítem Koha
        Colección de folletos Biblioteca del Ateneo de Madrid Biblioteca del Ateneo de Madrid Depósito folletos 17/01/2008     T-907-F-5 1032188 23/02/2023 23/02/2023 Folleto